Justicia Trasicional de restitucion de tierras en Colombia y los sectores extractivosde hidrocarburos y minería (Registro nro. 324556)

Detalles MARC
000 -ENCABEZADO
Número de control [NR] 01098nam a22002417a 4500
005 - FECHA Y HORA DE LA ÚLTIMA TRANSACCIÓN
control field 20240822081635.0
008 - DE LONGITUD FIJA DE DATOS DE ELEMENTOS - INFORMACIÓN GENERAL
Elementos de longitud fija [NR] 240822t ||||| |||| 00| 0 spa d
020 ## - NUMERO INTERNACIONAL NORMALIZADO PARA LIBROS [R]
Número Internacional Normalizado del libro [NR] 9788411697316
040 ## - FUENTE DE CATALOGACION [NR]
Agencia de catalogación original [NR] CO-BoUCM
Quien Cataloga David Moreno
Quien Clasifica David Moreno
041 ## - CODIGO DE IDIOMA [R]
Código de idioma para texto/pista de sonido o título separado [R] Español
100 1# - ASIENTO PRINCIPAL--NOMBRE PERSONAL [NR]
Nombre personal [NR] Arce Rojas, David
ID Autoridad 59263
245 10 - MENCION DE TITULO [NR]
Título [NR] Justicia Trasicional de restitucion de tierras en Colombia y los sectores extractivosde hidrocarburos y minería
Parte restante del título [NR] tensiones entre la utilidad y la justicia transicional de tierras
Mención de responsabilidad, etc. [NR] David Arce Rojas, Jhorman Alexis Álvarez Fierro y Alejandro Roceros Abuchaibe
260 ## - PUBLICACION, DISTRIBUCION, ETC. (PIE DE IMPRENTA) [R]
Lugar de publicación, distribución, etc. [R] Bogotá, Colombia
Nombre del editor, distribuidor, etc. [R] Tirant lo Blanch
Fecha de publicación, distribución, etc. [R] 2024
300 ## - DESCRIPCION FISICA [R]
Extensión [R] 368 Paginas
Otros detalles físicos [NR] graficas
650 14 - ASIENTO SECUNDARIO DE MATERIA - TERMINO TEMATICO [R]
Término temático o nombre geográfico como elemento de entrada [NR] Justicia de transicion
Subdivisión geográfica [R] Colombia
9 (RLIN) 182124
650 14 - ASIENTO SECUNDARIO DE MATERIA - TERMINO TEMATICO [R]
Término temático o nombre geográfico como elemento de entrada [NR] Justicia restaurativa
Subdivisión geográfica [R] Colombia
9 (RLIN) 30993
650 14 - ASIENTO SECUNDARIO DE MATERIA - TERMINO TEMATICO [R]
Término temático o nombre geográfico como elemento de entrada [NR] Victimas de guerra
Subdivisión geográfica [R] Colombia
9 (RLIN) 90660
651 ## - ASIENTO SECUNDARIO DE MATERIA - NOMBRE GEOGRAFICO [R]
Nombre geográfico [NR] Colombia
Subdivisión general [R] Ley 1448 de 2011
9 (RLIN) 182125
700 1# - ASIENTO SECUNDARIO - NOMBRE PERSONAL [R]
Nombre personal [NR] Álvarez Fierro, Jhorman Alexis
9 (RLIN) 182126
700 1# - ASIENTO SECUNDARIO - NOMBRE PERSONAL [R]
Nombre personal [NR] Ronderos Abuchaibe, Alejandro
9 (RLIN) 182127
942 ## - ELEMENTOS DE ENTRADA AGREGADOS (KOHA)
Sistema de clasificación DEWEY
Tema principal Derecho
Tipo de ítem principal el descrito en 300a Libro
Edición 1
Clasificación 342.083
Parte restante de la signatura top. A668j
Título oculto en OPAC No
Existencias
Total préstamos Signatura topográfica Código de barras Última vez visto Ejemplar Price effective from Tipo de ítem Perdido Sistema de clasificación Dañado No prestable Tipo de ítem específico Suprimido Ubicación habitual Ubicación actual Localización Fecha de creación Forma de adquisición Costo
  342.083 A668j 100172987 05/12/2025 Ej.1 22/08/2024 Libro   DEWEY     Libro   Claustro Claustro 3er piso 22/08/2024 Compra 72000.00